| Поле | Инд. | ПП | Название | Значение |
|---|---|---|---|---|
| Тип записи | a | |||
| Библиографический уровень | m | |||
| 001 | Контрольный номер | 8f2237df57004825bd4b7d5926f8ae7a | ||
| 005 | Дата корректировки | 20161118152103.4 | ||
| 008 | Кодируемые данные | 080728 | ||
| 020 | a | ISBN | 5-87444-226-X | |
| c | Цена, тираж | 120.00 | ||
| 040 | a | Служба первич. каталог. | НБ ТвГУ | |
| 041 | a | Код языка текста | rus | |
| 080 | a | Индекс УДК | 332.14 | |
| a | Индекс УДК | 338.2(470.12) | ||
| 084 | a | Индекс другой классификации/Индекс ББК | У050.22 | |
| a | Индекс другой классификации/Индекс ББК | У9(2Рос-4Вол) | ||
| 090 | a | Полочн. индекс | У050.2 | |
| x | Авторский знак | С83 | ||
| 245 | 00 | a | Заглавие | Стратегия развития региона |
| c | Ответственность | Рос. акад. наук, Центр. экон.-мат. ин-т, Вологод. науч.-координац. центр | ||
| 260 | 0_ | a | Место издания | Москва |
| b | Издательство | Academia | ||
| c | Дата издания | 2006 | ||
| 300 | a | Объем | 190, [1] с. | |
| b | Иллюстрации/ тип воспроизводства | ил., табл. | ||
| c | Размеры | 25см | ||
| 440 | 2 | 0 | ||
| a | Серия | Монографические исследования : экономика | ||
| 500 | a | Примечание | Авт. указаны на обороте тит. л. | |
| 583 | a | Действие | Получение впервые 199 09.2008 | |
| k | Исполнитель действия | Дар РГГУ | ||
| 650 | a | Основная рубрика | Региональная экономика | |
| x | Основная подрубрика | Управление | ||
| 650 | a | Основная рубрика | Вологодская область | |
| x | Основная подрубрика | Стратегия развития | ||
| x | Основная подрубрика | Экономика | ||
| 653 | a | Ключевые слова | Региональная политика | |
| a | Ключевые слова | Региональная экономика | ||
| a | Ключевые слова | Социально-экономическое развитие | ||
| a | Ключевые слова | Стратегическое управление | ||
| a | Ключевые слова | Управление региональной экономикой | ||
| a | Ключевые слова | Экономика Вологодской области | ||
| 700 | 1_ | a | Другие авторы | Ильин Владимир Александрович |
| q | Полное имя | Ильин, В. А. | ||
| 700 | 1_ | a | Другие авторы | Сычев М. Ф. |
| 700 | 1_ | a | Другие авторы | Гулин Константин Анатольевич |
| q | Полное имя | Гулин, К. А. | ||
| 700 | 1_ | a | Другие авторы | Бакаева Е. А. |
| 700 | 1_ | a | Другие авторы | Губанова Е. С. |
| 700 | 1_ | a | Другие авторы | Дубов С. Н. |
| 852 | t | Порядковый номер экземпляра | 1 | |
| p | Инвентарный номер | 918165 | ||
| 863 | t | 00233967 | ||
| 888 | a | Бесплатные | ||
| 952 | p | 199.2008 120.00 1 918165 | ||
| c | Вид литературы | К рн | ||
| 954 | a | Дата поступления на обработку | 20081230 | |
| 999 | a | Подразделение 2 | ч.з. |